Ako si uľahčiť učenie sa cudzieho jazyka
Dostupné, finančne nenáročné, praktické, ľahko použiteľné pomocné prostriedky a spôsoby, ktoré zefektívňujú vynaloženú snahu, uľahčujú zapamätanie, zabezpečujú zafixovanie vedomostí a sú náročné iba na jedno: na našu naozajstnú chuť naučiť sa cudzí jazyk. Odporučenia, ktoré sú v článku uvedené, sa z...
Salvato in:
| Autore principale: | |
|---|---|
| Natura: | Capitolo di libro |
| Lingua: | slovacco |
| Soggetti: | |
| Tags: |
Nessun Tag, puoi essere il primo ad aggiungerne!!
|
MARC
| LEADER | 00000nla a2200000 4500 | ||
|---|---|---|---|
| 001 | 0160505 | ||
| 005 | 20240502072802.1 | ||
| 041 | 0 | |a slo | |
| 044 | |a SK | ||
| 245 | 1 | 0 | |a Ako si uľahčiť učenie sa cudzieho jazyka |c Mária Sztuková |
| 520 | |a Dostupné, finančne nenáročné, praktické, ľahko použiteľné pomocné prostriedky a spôsoby, ktoré zefektívňujú vynaloženú snahu, uľahčujú zapamätanie, zabezpečujú zafixovanie vedomostí a sú náročné iba na jedno: na našu naozajstnú chuť naučiť sa cudzí jazyk. Odporučenia, ktoré sú v článku uvedené, sa zakladajú na štandardných, výskumom overených vlastnostiach ľudského mozgu prijímať a naučiť sa nové vedomosti. | ||
| 610 | 2 | 0 | |a jazyky cudzie |
| 610 | 2 | 0 | |a komunikácia |
| 610 | 2 | 0 | |a vzdelávanie |
| 610 | 2 | 0 | |a vedomosti |
| 100 | 1 | |a Sztuková, Mária | |